|
|
|
|
| LEADER |
01251nam a22002417a 4500 |
| 001 |
37629 |
| 003 |
BD-DhAAL |
| 005 |
20220105115934.0 |
| 008 |
220105t2020 bg ||||| ||||f00| 0 ben d |
| 999 |
|
|
|c 43397
|d 43397
|
| 040 |
|
|
|a BD-DhAAL
|c BD-DhAAL
|
| 082 |
|
|
|a 384
|2 22
|
| 245 |
|
|
|a টেলিফোন নির্দেশিকা,
|n ২০২০ :
|b শিক্ষা মন্ত্রণালয়
|
| 246 |
|
|
|a Telephone directory 2020 :
|b Ministry of education
|
| 260 |
|
|
|a ঢাকা :
|b বাংলাদেশ শিক্ষাতথ্য ও পরিসংখ্যান ব্যুরো (ব্যানবেইস),
|c ২০২০.
|
| 264 |
|
|
|8
|
| 300 |
|
|
|a ৪১৫ পৃষ্ঠা :
|c ২২ সে. মি.
|
| 541 |
|
|
|a Complimentary copy from BANBEIS
|e 37629
|
| 650 |
|
|
|a Telephone
|x Directories
|x Indexes.
|9 17943
|
| 710 |
|
|
|a গণপ্রজাতন্ত্রী বাংলাদেশ সরকার
|b শিক্ষা মন্ত্রণালয়
|9 17944
|
| 852 |
|
|
|a Ayesha Abed Library
|c General Stacks
|
| 942 |
|
|
|2 ddc
|c BK
|
| 952 |
|
|
|0 0
|1 0
|2 ddc
|4 0
|6 384_000000000000000_TEL
|7 0
|9 69657
|a BRACUL
|b BRACUL
|c GEN
|d 2022-01-05
|e Complimentary copy from BANBEIS
|l 0
|o 384 TEL
|p 3010037629
|r 2022-01-05
|t 1
|w 2022-01-05
|y BK
|